| 000 | 00812nas a2200265 4500 | ||
|---|---|---|---|
| 001 | BR9901832 | ||
| 003 | BR-BrBNA | ||
| 005 | 20231205101348.0 | ||
| 007 | ta | ||
| 008 | 230509b bl.|||p| |||| 00| 00por d | ||
| 040 |
_aBR-BrBNA _bpor _cBiblioteca Nacional de Agricultura |
||
| 041 | _a(En) | ||
| 072 | _aL60 | ||
| 100 | 1 | _aReid, J.W. | |
| 245 | 1 | _aRedescription and first records from Brazil of Diacyclops uruguayensis kiefer (Crustacea, Copepoda, Cyclopidae) | |
| 650 | _aCrustaceo | ||
| 650 | _aCopepoda | ||
| 650 | _aMorfologia | ||
| 650 | _aTaxonomia Animal | ||
| 650 | _aSanta Catarina | ||
| 650 | _aCeara | ||
| 773 | 0 |
_tRevista Brasileira de Zoologia (Brazil) _xISSN 0101-8175 _g(Sep 1998), v. 15(3) p. 757-766 _wBR9901832 |
|
| 909 |
_a202311 _bLúcia _c55 _dLúcia Elande |
||
| 942 |
_2AGRIS _n0 _cANA |
||
| 999 |
_c161368 _d161368 |
||